000 00522nam a2200133Ia 4500
008 231129s2007||||xx |||||||||||||| ||spa||
020 _a978-958-8272-41-2
040 _bspa
082 _a633.58 Z87
245 0 _aZonificación detallada del recurso guadua en el Eje Cafetero Tolima y Valle del Cauca / Juan Carlos Camargo Garcí­a... /et al.
260 _c2007
264 _aUniversidad Tecnológica de Pereira y Corporaciones Autónomas Regionales del Eje Cafetero
942 _2ddc
_cBKS
999 _c26544
_d26544